000 00650nam a2200193 a 4500
001 000024958
005 20200930023455.0
008 110208s1962 ag r 000 0 spa d
040 _aDO-SdBNP
_bspa
_cBNPHU
082 _aNNN
_bM538e
100 1 _aMenéndez Pidal, Ramón,
_d1869- 1968.
_93902
245 1 0 _aEn torno a la lengua vasca /
_cRamón Menéndez Pidal.
260 _aBuenos Aires :
_bAustral,
_c1962.
300 _a144, [12] p. ;
_c18 cm.
490 1 _aAustral. Verde: ensayos y filosofía
_v1301
500 _aIncluye índice de autores
504 _aIncluye bibliografías.
830 0 _aAustral.
_pVerde : ensayo y filosofía;
_v1301
_941675
999 _c24451
_d24451